00246nam a2200085Ia 4500245003200000100006100032942000700093008004100100999001900141 0aSeisoen van die soetdoring  a BIERMAN, Ettie Pretoria, 1992 Grootdrukuitg 955381 cBK210818s9999 xx 000 0 und d c474091d474090